=LDR 00000nam 2200000 4500 =001 INLIS000000000012842 =005 20200702082135 =035 ##$$a 0010-061300000012842 =008 200702################g##########0#ind## =041 ##$$a Ind =082 ##$$a 2x5.4 =090 ##$$a 2x5.4, Ali h =100 1#$$a Ali, Yasser Ibrahim =245 1#$$a Himpunan Shalawat Rasulullah SAW berikut riwayat dan fadhillahnya (Lengkap), Yaser Ibrahim Ali /$c Yasser Ibrahim Ali =260 ##$$a Yogyakarta :$b Absolut,$c 2003 =300 ##$$a xii, 208 hlm., ; $c 12x18 cm =650 #4$$a Shalawat (Doa) =850 ##$$a NBPNMAT =084 ##$$a 2x5.4 ALI h =250 ##$$a cet.1 =990 ##$$a 1039391 =990 ##$$a 00086554 =990 ##$$a 10401532 =990 ##$$a 10401530 =990 ##$$a 1039392 =990 ##$$a 1039394